000 00338pab a2200157 454500
008 180718b2007 xxu||||| |||| 00| 0 eng d
100 _aIqbal, Javed M.
245 _aNACO and HIV/AIDS in India
260 _c2007
300 _ap.24-26.
362 _a1 Dec
650 _aAIDS
773 _aMainstream
908 _aN
909 _a76609
999 _c76609
_d76609